000 00466nam a2200181 a 4500
001 5468
003 CO-ViMGA
008 141112s2004 ck r 000 u spa d
040 _aCO-ViMGA
_bspa
_cCO-ViMGA
082 0 4 _aCo863.6 N45r
100 1 _aNiño, Jairo anibal
_92482
245 1 0 _aEl río de la vida
260 _aSantafé de Bogotá :
_bTres culturas,
_c1994
300 _a64 p
590 _aEjemplares : 1
650 1 4 _aCUENTOS COLOMBIANOS
942 _2ddc
_cBK
999 _c17455
_d17455